Hà Nội : Danh thắng và di tích

Tập 2 bao gồm các di tích lịch sử văn hoá qua nhiều thời kỳ.

Na minha lista:
Detalhes bibliográficos
Autor principal: Lưu, Minh Trị
Formato: Livro
Idioma:Undetermined
Publicado em: Hà Nội Nxb. Hà Nội 2011
Assuntos:
Tags: Adicionar Tag
Sem tags, seja o primeiro a adicionar uma tag!
Thư viện lưu trữ: Trung tâm Học liệu Trường Đại học Cần Thơ
LEADER 00801nam a2200229Ia 4500
001 CTU_180176
008 210402s9999 xx 000 0 und d
020 |c 340000 
082 |a 959.731 
082 |b Tr300/T.2 
100 |a Lưu, Minh Trị 
245 0 |a Hà Nội : 
245 0 |b Danh thắng và di tích 
245 0 |c Lưu Minh Trị (Chủ biên), Đào Đình Bắc ... [et al.] biên soạn 
260 |a Hà Nội 
260 |b Nxb. Hà Nội 
260 |c 2011 
520 |a Tập 2 bao gồm các di tích lịch sử văn hoá qua nhiều thời kỳ. 
650 |a Ha Noi (Vietnam),Ha Noi (Vietnam),Hà Nội 
650 |x History,Civilization,Văn minh 
904 |i Trinh, Như 
980 |a Trung tâm Học liệu Trường Đại học Cần Thơ